Capitales qui commencent par C - Statistiques

Statistiques générales
  • Ce quiz a été pris 365 fois
  • Le résultat moyen est 4 sur 6
Statistiques - réponses
Capitales % Correct
Copenhague
75%
Canberra
73%
Caracas
72%
Chisinau
56%
Conakry
51%
Castries
39%
Aucun quiz correspondant
Distribution des résultats
% des personnes avec chaque résultat
Percentile par nombre de réponses
Votre historique - résultats
Vous n’avez pas pris ce quiz